Most Popular Songs in USA 11/16/2024 - Statistics

General Stats
  • This quiz has been taken 17 times
  • The average score is 7 of 15
Answer Stats
Rank Artist (Version) Answer Streams Radio Airplay Sales % Correct
4. Sabrina Carpenter Espresso 15.2 Million 65.3 Million 2 Thousand
88%
3. Billie Eilish Birds Of A Feather 19.2 Million 57.5 Million 2.5 Thousand
82%
1. Shaboozey A Bar Song (Tipsy) 21.1 Million 70.1 Million 5 Thousand
71%
15. Rose, Bruno Mars APT 17.7 Million 10.1 Million 4 Thousand
53%
2. Lady GaGa, Bruno Mars Die With A Smile 22.3 Million 48.7 Million 5 Thousand
53%
11. Chappell Roan Good Luck, Babe! 14.6 Million 32.8 Million 2 Thousand
53%
8. Benson Boone Beautiful Things 16.1 Million 45.7 Million 2.5 Thousand
47%
5. Teddy Swims Lose Control 18.4 Million 53.6 Million 3 Thousand
47%
7. Sabrina Carpenter Taste 16.5 Million 39.3 Million 1.5 Thousand
47%
12. Hozier Too Sweet 10.7 Million 58.4 Million 2 Thousand
41%
13. Gracie Abrams That's So True 19 Million 0.3 Million 2 Thousand
35%
6. Post Malone, Morgan Wallen I Had Some Help 16.6 Million 50.7 Million 2 Thousand
29%
9. Morgan Wallen Love Somebody 19 Million 15.7 Million 4 Thousand
24%
10. (Tyler, the Creator), GloRilla, Sexyy Red, Lil Wayne Sticky 20.9 Million 0.7 Million 0.7 Thousand
18%
14. (Tyler, the Creator), Daniel Caesar St. Chroma 20.4 Million 0 0.3 Thousand
12%
No matching quizzes found
Score Distribution
Percent of People with Each Score
Percentile by Number Answered
Your Score History
You have not taken this quiz